[Event "Centroamericano and Caribe U18 Girls"]
[Site "Merida"]
[Date "2018.05.01"]
[Round "6"]
[White "Silva Villareal, Deinerys Natiusca"]
[Black "Kelis Ramirez, Francismar Paola"]
[Result "1-0"]
[WhiteElo "1283"]
[BlackElo "1415"]
[PlyCount "83"]
[EventDate "2018.04.28"]
[EventType "swiss"]
[EventRounds "9"]
[EventCountry "VEN"]
[SourceTitle "EXT 2021"]
[Source "ChessBase"]
[SourceDate "2020.10.23"]
[SourceVersion "1"]
[SourceVersionDate "2020.10.23"]
[SourceQuality "1"]

1. d4 d5 2. Nc3 Nf6 3. e3 Nc6 4. Nf3 Bg4 5. Be2 Ne4 6. Nxe4 dxe4 7. Ng5 Bxe2 8. Qxe2 Qd5 9. Qg4 f5 10. Qh5+ g6 11. Qh4 0-0-0 12. 0-0 e5 13. c3 Be7 14. Qh6 Bxg5 15. Qxg5 f4 16. exf4 exf4 17. Bxf4 Qxg5 18. Bxg5 Rd5 19. Bf6 Rf8 20. Bg7 Rg8 21. Bf6 Rf8 22. Bg7 Re8 23. Rfe1 Re7 24. Bf6 Re6 25. Bg7 Re7 26. Bh6 Re6 27. f3 e3 28. Rxe3 Rxe3 29. Bxe3 Na5 30. b3 b6 31. c4 Rd6 32. c5 bxc5 33. dxc5 Rd3 34. Re1 Rd5 35. b4 Nc4 36. Bh6 Kb7 37. Re4 Rd1+ 38. Kf2 Nd2 39. Re7 Rf1+ 40. Ke2 Rh1 41. Kxd2 Rxh2 42. Bf4 1-0

[Event "Centroamericano and Caribe U18 Girls"]
[Site "Merida"]
[Date "2018.05.01"]
[Round "7"]
[White "Silva Villareal, Deinerys Natiusca"]
[Black "Martinez Cova, Karla Teresa"]
[Result "0-1"]
[WhiteElo "1283"]
[BlackElo "1585"]
[PlyCount "58"]
[EventDate "2018.04.28"]
[EventType "swiss"]
[EventRounds "9"]
[EventCountry "VEN"]
[SourceTitle "EXT 2021"]
[Source "ChessBase"]
[SourceDate "2020.10.23"]
[SourceVersion "1"]
[SourceVersionDate "2020.10.23"]
[SourceQuality "1"]

1. d4 d5 2. Nc3 Nc6 3. e3 a6 4. Nf3 Bg4 5. Bd3 Nf6 6. h3 Bh5 7. b3 e6 8. Qe2 Bb4 9. Bd2 Ba3 10. e4 Nxd4 11. Qe3 Nxf3+ 12. gxf3 d4 13. Qf4 dxc3 14. Bxc3 Qe7 15. Rg1 Bg6 16. Bd2 0-0-0 17. Ba5 Bb4+ 18. Bxb4 Qxb4+ 19. Qd2 Qxd2+ 20. Kxd2 Nd7 21. b4 Ne5 22. Rg3 f5 23. Ke3 f4+ 24. Kxf4 Nxd3+ 25. cxd3 Rxd3 26. Rg5 Rf8+ 27. Ke5 Rdxf3 28. Kxe6 Bxe4 29. Rd1 Re8# 0-1

[Event "Centroamericano and Caribe U18 Girls"]
[Site "Merida"]
[Date "2018.04.30"]
[Round "5"]
[White "Meza Ramos, Araysimar Jose"]
[Black "Silva Villareal, Deinerys Natiusca"]
[Result "1-0"]
[WhiteElo "1210"]
[BlackElo "1283"]
[PlyCount "101"]
[EventDate "2018.04.28"]
[EventType "swiss"]
[EventRounds "9"]
[EventCountry "VEN"]
[SourceTitle "EXT 2021"]
[Source "ChessBase"]
[SourceDate "2020.10.23"]
[SourceVersion "1"]
[SourceVersionDate "2020.10.23"]
[SourceQuality "1"]

1. e4 Nc6 2. Nf3 e5 3. Bb5 Qf6 4. Nc3 Bc5 5. Nd5 Qd6 6. Bxc6 dxc6 7. Nc3 Ne7 8. d3 Ng6 9. g3 Bg4 10. h3 Qd4 11. Be3 Bxf3 12. Qxf3 Qb4 13. Bxc5 Qxb2 14. 0-0 Qxc3 15. Be3 0-0-0 16. Qd1 Ne7 17. Bd2 Qd4 18. Be3 Qc3 19. Qd2 Qb2 20. Rab1 Qa3 21. Qb4 Qxb4 22. Rxb4 b6 23. a3 c5 24. Rb2 f5 25. Bg5 Rde8 26. exf5 h6 27. Bxe7 Rxe7 28. Re1 Rf8 29. g4 Kb7 30. Kg2 h5 31. Kg3 g6 32. fxg6 hxg4 33. h4 Rg7 34. h5 Rf4 35. Rxe5 Rf3+ 36. Kxg4 Rxf2 37. Kg5 Rf8 38. h6 Rd7 39. Rf5 Re8 40. h7 Rh8 41. Rf7 Rxf7 42. gxf7 Rd8 43. Kg6 Rd6+ 44. Kg7 Rd4 45. h8Q Rg4+ 46. Kf6 Rf4+ 47. Ke7 Rf3 48. f8Q Rxf8 49. Qxf8 Ka6 50. Qb8 Ka5 51. Qxa7# 1-0